Junk Food Sorting Gallery II Quiz Stats

 Plays Quiz Updated Jun 26, 2017

Challenge
Share
Tweet
Embed
Score 0/55 Timer 07:00
4 Plays Today
% Correct
Chunky Monkey
92.3%
Chocolate Fudge Brownie
91.7%
Cashew
90.4%
Almond
90.3%
Hazelnut
89.4%
Pecan
89.2%
Pistachio
89.1%
Cherry Garcia
88.8%
Walnut
88.8%
Macadamia
85.7%
Grape
85.7%
Banana Split
85.5%
Nacho Cheese
85.4%
Lemon
85.2%
Americone Dream
84.9%
Cool Ranch
84.6%
Pop Secret
84.5%
Orange
84.3%
Chester Cheetah
83.8%
Lay's
83.8%
Jiffy Pop
83.8%
Green Apple
83.6%
Orville Redenbacher's
83.3%
Tostitos
83.3%
Wheat Thins
82.9%
Berry Punch
82.5%
Brazil
82%
Triscuit
81.8%
% Correct
Spicy Sweet Chili
81.7%
Ritz
81.1%
Cheez-It
80.2%
Chubby Hubby
80.1%
Taco Flavor
78.7%
Crunch n' Munch
78.2%
Oatmeal Creme Pies
77.8%
Cracker Jack
77.5%
Poppycock
77%
Pringles
76.1%
Honey Buns
74.6%
Zebra Cakes
74.3%
Salsa Verde
74%
Salted Caramel
73.5%
Phish Food
72.9%
Ranch Dipped Hot Wings
72.7%
Act II
72.5%
Fiddle Faddle
69%
Pecan Spinwheels
68.9%
Club
68.9%
Half Baked
68.2%
That's My Jam
66.3%
Santitas
64%
Honey Maid
61.2%
Smartfood
61.2%
Kettle
56.6%
Zesta
52.7%

You're not logged in!

Compare scores with friends on all Sporcle quizzes.
OR
Log In

You Might Also Like...

Show Comments

Extras

Top Quizzes Today


Score Distribution

Your Account Isn't Verified!

In order to create a playlist on Sporcle, you need to verify the email address you used during registration. Go to your Sporcle Settings to finish the process.

Report this User

Report this user for behavior that violates our Community Guidelines.

Details: